000 00905nam a2200241 i 4500
001 137978
003 ES-MaACL
005 20230906195459.0
007 t|
008 070214s1984 sp a |||| | spa d
020 _a84-294-2178-5
100 1 _aSánchez García, María Rosario.
_9102659
245 1 0 _aAnimales invertebrados
_b: evolución y diversidad /
_cMaría Rosario Sánchez García, Carlos José Hernández Díaz ; supervisión científica Amparo Benlloch Marín.
260 _aMadrid :
_bSantillana,
_c1984.
300 _a127 p. :
_bil. col. y n. ;
_c24 cm.
490 1 _aImago. Biblioteca Santillana de consulta ;
_v2
650 0 4 _aInvertebrados.
_913891
700 1 _aHernández Díaz, Carlos José.
_962927
700 1 _aBenlloch Marín, Amparo.
_927722
830 1 _aImago. Biblioteca Santillana de consulta ;
_v2
_9182972
852 _aES-MaACL
_jL-9235
999 _c137978
_d137978